000 01172nam a22002657a 4500
999 _c12208
_d12208
003 AR-CdUCM
008 190408b ||||| |||| 00| 0 spa d
040 _aMUNICIPALIDAD PROVINCIAL DEL CUSCO
_cBIBLIOTECA MUNICIPAL DEL CUSCO
082 _aEP / 398 /
_bS64
110 _aSociedad pro cultura Clorinda Matto de Turner
_929944
245 _aTradiciones cuzqueñas para niños /
260 _aCusco :
_bGraficolors,
_c2010.
300 _a52 páginas ;
_bIlustraciones,
_c21 cm.
500 _aAdaptación de la obra: Tradiciones cuzqueñas, leyendas, biografía y hojas sueltas por Jesús Cabel. Ilustraciones y diagramacion por Victor Ernesto Gil Bedoya.
505 _aContenido: Mazorcas de trigo -- La cruz de Sacsayhuaman -- Un centinela de acero -- El señor de Huanca -- Un hallazgo oportuno...
650 _aTradiciones
_9229
650 _aClorinda Matto de Turner
_929945
650 _aCostumbres cusqueñas
_929946
700 _aEstrada Pérez, Nohemí
_929947
700 _aSomocurcio de Espinoza, Ligia
_929948
700 _aPineda Vega, Maria Luisa
_929949
700 _aBarrionuevo de Miranda, Luz Marina
_929950
942 _2ddc
_cLIBROS
945 _adavv